Handbook of mechanics, materials, and structures (Record no. 6097)

000 -LEADER
fixed length control field 00882nam a2200265 a 4500
001 - CONTROL NUMBER
control field 6097
003 - CONTROL NUMBER IDENTIFIER
control field BD-DhUET
008 - FIXED-LENGTH DATA ELEMENTS--GENERAL INFORMATION
fixed length control field 850301s1985 nyua bf 001 0 eng
020 ## - INTERNATIONAL STANDARD BOOK NUMBER
International Standard Book Number 0471862398
040 ## - CATALOGING SOURCE
Original cataloging agency DLC
Transcribing agency DLC
Modifying agency BD-DhUET
082 ## - DEWEY DECIMAL CLASSIFICATION NUMBER
Classification number 620.102
Item number BLA/1985
245 00 - TITLE STATEMENT
Title Handbook of mechanics, materials, and structures
Statement of responsibility, etc. Edited by Alexander Blake
250 ## - EDITION STATEMENT
Edition statement 1st ed.
260 ## - PUBLICATION, DISTRIBUTION, ETC. (IMPRINT)
Place of publication, distribution, etc. New York
Name of publisher, distributor, etc. John Wiley & Sons
Date of publication, distribution, etc. 1985
300 ## - PHYSICAL DESCRIPTION
Extent xxi,710p.
Other physical details ill.
Dimensions 25 cm.
504 ## - BIBLIOGRAPHY, ETC. NOTE
Bibliography, etc Includes bibliographies
650 #0 - SUBJECT ADDED ENTRY--TOPICAL TERM
Topical term or geographic name as entry element Mechanics, Applied
650 #0 - SUBJECT ADDED ENTRY--TOPICAL TERM
Topical term or geographic name as entry element Strength of materials
650 #0 - SUBJECT ADDED ENTRY--TOPICAL TERM
Topical term or geographic name as entry element Structural analysis (Engineering)
700 ## - ADDED ENTRY--PERSONAL NAME
Personal name Blake , Alexander
942 ## - ADDED ENTRY ELEMENTS (KOHA)
Koha item type Edited Book
856 42 - ELECTRONIC LOCATION AND ACCESS
Uniform Resource Identifier http://www.loc.gov/catdir/bios/wiley042/85005373.html
856 42 - ELECTRONIC LOCATION AND ACCESS
Uniform Resource Identifier http://www.loc.gov/catdir/description/wiley033/85005373.html
856 4# - ELECTRONIC LOCATION AND ACCESS
Uniform Resource Identifier http://www.loc.gov/catdir/toc/onix04/85005373.html
Holdings
Koha item type Koha full call number Koha normalized classification for sorting Not for loan Withdrawn status Price effective from Lost status Sublocation or collection (holding branch) Shelving location Damaged status Date acquired Location (home branch) Piece designation (barcode) Koha date last seen Copy number Source of classification or shelving scheme
Edited Book620.102/BLA/1985620_000000000000000_102BLA1985  2014-11-30 Central Library, BUETCirculation section 2014-11-30Central Library, BUET788132014-11-301